| 000 | 00878cam a22002412 4500 | ||
|---|---|---|---|
| 001 | 0000009134 | ||
| 005 | 20151217152049.0 | ||
| 008 | 080907s xx 000 0 eng d | ||
| 020 |
_a1575041014 : _c KES 12450 |
||
| 040 |
_aKABU _cKABU |
||
| 245 | 1 | 0 |
_aSpatial analysis, GIS, and remote sensing applications in the health sciences / _ceditors, Donald P. Albert, Wilbert M. Gesler, Barbara Levergood. |
| 260 |
_aChelsea, MI : _bAnn Arbor Press, _c2000. |
||
| 300 | _axi, 217 p. | ||
| 650 | 0 |
_aMedical geography. _@0000160190 |
|
| 650 | 0 |
_aMedical geography _xResearch _xMethodology. _@0000160191 |
|
| 700 | 1 |
_aAlbert, Donald. _@0000160192 |
|
| 700 | 1 |
_aGesler, Wilbert M. _@0000160193 |
|
| 700 | 1 |
_aLevergood, Barbara. _@0000160194 |
|
| 908 | _a080907 | ||
| 950 | _@1 | ||
| 999 |
_c7791 _d7791 |
||